000 00190 a2200097 4500
020 _a9780875967295
041 _aeng
100 _a Judith Benn Hurley
245 _aThe good herb
942 _cBK
999 _c13567
_d13567